<?xml version="1.0" encoding="UTF-8"?>
<record
    xmlns:xsi="http://www.w3.org/2001/XMLSchema-instance"
    xsi:schemaLocation="http://www.loc.gov/MARC21/slim http://www.loc.gov/standards/marcxml/schema/MARC21slim.xsd"
    xmlns="http://www.loc.gov/MARC21/slim">

  <leader>02025cam a2200301 a 4500</leader>
  <controlfield tag="003">OSt</controlfield>
  <controlfield tag="005">20210802142941.0</controlfield>
  <controlfield tag="008">020206s2001    ck      r     000 0 spa d</controlfield>
  <datafield tag="020" ind1=" " ind2=" ">
    <subfield code="a">9586823563</subfield>
  </datafield>
  <datafield tag="040" ind1=" " ind2=" ">
    <subfield code="a">CO-BoPUJ</subfield>
    <subfield code="c">CO-JMCR</subfield>
  </datafield>
  <datafield tag="041" ind1="0" ind2=" ">
    <subfield code="a">spa</subfield>
  </datafield>
  <datafield tag="082" ind1="0" ind2="4">
    <subfield code="a">332.1224 /</subfield>
    <subfield code="b">R696c</subfield>
    <subfield code="2">23</subfield>
  </datafield>
  <datafield tag="100" ind1="1" ind2=" ">
    <subfield code="a">Rodr&#xED;guez, H&#xE9;ctor Mario, </subfield>
    <subfield code="e">autor</subfield>
    <subfield code="9">27261</subfield>
  </datafield>
  <datafield tag="245" ind1="1" ind2="3">
    <subfield code="a">La caja de los amigos : </subfield>
    <subfield code="b">autopsia de la Caja Agraria /</subfield>
    <subfield code="c">H&#xE9;ctor Mario Rodr&#xED;guez ; pr&#xF3;logo Carlos Ossa Escobar</subfield>
  </datafield>
  <datafield tag="250" ind1=" " ind2=" ">
    <subfield code="a">Primera edici&#xF3;n</subfield>
  </datafield>
  <datafield tag="260" ind1=" " ind2=" ">
    <subfield code="a">Bogot&#xE1; : </subfield>
    <subfield code="b">Contralor&#xED;a General de la Rep&#xFA;blica, </subfield>
    <subfield code="c">2001.</subfield>
  </datafield>
  <datafield tag="300" ind1=" " ind2=" ">
    <subfield code="a">xvii, 136 p&#xE1;ginas ; </subfield>
    <subfield code="c">21 cm.</subfield>
  </datafield>
  <datafield tag="490" ind1="0" ind2=" ">
    <subfield code="a">Cr&#xF3;nicas de la corrupci&#xF3;n</subfield>
  </datafield>
  <datafield tag="504" ind1=" " ind2=" ">
    <subfield code="a">Incluye referencias bibliogr&#xE1;ficas.</subfield>
  </datafield>
  <datafield tag="505" ind1="0" ind2=" ">
    <subfield code="a">Cay&#xF3; por avi&#xF3;n. -- Un potro complicado. -- Pero del dicho al echo. -- Las ligas mayores. -- Sigamos de parranda. -- Entierro de tercera.</subfield>
  </datafield>
  <datafield tag="520" ind1="0" ind2=" ">
    <subfield code="a">En lenguaje period&#xED;stico se narran aqu&#xED; algunos de los m&#xE1;s graves casos de favoritismo en la concesi&#xF3;n de cr&#xE9;ditos y mala gesti&#xF3;n administrativa que llevaron a la muerte de la Caja de Cr&#xE9;dito Agrario, Industrial y Minero, el tradicional banco de los campesinos y una de las entidades financieras m&#xE1;s grandes del pa&#xED;s.
En esta "Autopsia" se citan algunos de los funcionarios y personas, pertenecientes al mundo de los negocios privados y la actividad pol&#xED;tica, que, prevalidas de su amistad o influencia, realizaron toda clase de artima&#xF1;as para favorecerse personalmente de los recursos de la entidad, en claros ejemplos de corrupci&#xF3;n en la administraci&#xF3;n de los recursos p&#xFA;blicos. Las historias est&#xE1;n basadas en las denuncias formuladas por la Contralor&#xED;a General de la Rep&#xFA;blica, ampliadas y profundizadas por la habilidad investigativa de su autor.</subfield>
  </datafield>
  <datafield tag="610" ind1="2" ind2="4">
    <subfield code="a">Caja de Cr&#xE9;dito Agrario Industrial y Minero</subfield>
    <subfield code="9">38984</subfield>
  </datafield>
  <datafield tag="650" ind1="1" ind2="4">
    <subfield code="a">Cr&#xE9;dito agr&#xED;cola</subfield>
    <subfield code="9">38985</subfield>
  </datafield>
  <datafield tag="650" ind1="2" ind2="4">
    <subfield code="a">Corrupci&#xF3;n administrativa</subfield>
    <subfield code="9">8354</subfield>
  </datafield>
  <datafield tag="650" ind1="2" ind2="4">
    <subfield code="a">Corrupci&#xF3;n</subfield>
    <subfield code="9">2874</subfield>
  </datafield>
  <datafield tag="700" ind1="1" ind2=" ">
    <subfield code="a">Ossa Escobar, Carlos</subfield>
    <subfield code="e">prologuista </subfield>
    <subfield code="9">38986</subfield>
  </datafield>
  <datafield tag="942" ind1=" " ind2=" ">
    <subfield code="2">ddc</subfield>
    <subfield code="c">BK</subfield>
  </datafield>
  <datafield tag="999" ind1=" " ind2=" ">
    <subfield code="c">12088</subfield>
    <subfield code="d">12088</subfield>
  </datafield>
  <datafield tag="952" ind1=" " ind2=" ">
    <subfield code="0">0</subfield>
    <subfield code="1">0</subfield>
    <subfield code="2">ddc</subfield>
    <subfield code="4">0</subfield>
    <subfield code="7">0</subfield>
    <subfield code="a">CPL</subfield>
    <subfield code="b">CPL</subfield>
    <subfield code="c">GEN</subfield>
    <subfield code="d">2018-04-15</subfield>
    <subfield code="e">Donaci&#xF3;n</subfield>
    <subfield code="o">332.1224 / R696c</subfield>
    <subfield code="p">430002403</subfield>
    <subfield code="r">2024-05-16 00:00:00</subfield>
    <subfield code="t">Ej.1</subfield>
    <subfield code="w">2021-03-10</subfield>
    <subfield code="y">BK</subfield>
  </datafield>
</record>
